Statistics for Every City in Poland On a Map

Click here to take the quiz!

General Stats

  • This quiz has been taken 479 times
  • The average score is 201 of 954

Answers on the Map

Answers color-coded by a green-red scale on the quiz's map according to % correct below.
 

Answer Stats

VoivodeshipCity% Correct
MazowieckieWarsaw
92%
MałopolskieKraków
90%
PomorskieGdańsk
88%
ŁódzkieŁódź
84%
DolnośląskieWrocław
83%
ŚląskieKatowice
82%
PomorskieGdynia
81%
ZachodniopomorskieSzczecin
81%
LubelskieLublin
80%
WielkopolskiePoznań
80%
Kujawsko-PomorskieBydgoszcz
76%
PodlaskieBiałystok
75%
Kujawsko-PomorskieToruń
71%
OpolskieOpole
69%
ŚląskieCzęstochowa
68%
Warmińsko-MazurskieOlsztyn
68%
PodkarpackieRzeszów
68%
PomorskieSopot
68%
LubuskieZielona Góra
68%
PomorskieHel
67%
ŚwiętokrzyskieKielce
67%
MazowieckieRadom
65%
MałopolskieZakopane
64%
Warmińsko-MazurskieElbląg
63%
LubuskieGorzów Wielkopolski
61%
WielkopolskieKoło
60%
MałopolskieTarnów
60%
ZachodniopomorskieKoszalin
59%
ŚląskieBielsko-Biała
58%
ŚląskieSosnowiec
56%
ŚląskieGliwice
55%
DolnośląskieJelenia Góra
55%
WielkopolskiePiła
55%
PodlaskieSuwałki
55%
ZachodniopomorskieŚwinoujście
55%
WielkopolskieKalisz
54%
MazowieckiePłock
54%
ZachodniopomorskieKołobrzeg
53%
DolnośląskieLubin
53%
Kujawsko-PomorskieWłocławek
53%
LubelskieZamość
52%
Warmińsko-MazurskieEłk
51%
WielkopolskieGniezno
51%
DolnośląskieLegnica
51%
PomorskieWładysławowo
51%
ŚląskieZabrze
51%
ŚląskieBytom
50%
Kujawsko-PomorskieInowrocław
50%
PomorskieMalbork
50%
ŁódzkiePiotrków Trybunalski
50%
PodkarpackiePrzemyśl
50%
PomorskieSłupsk
50%
DolnośląskieWałbrzych
50%
LubelskieChełm
49%
MałopolskieNowy Sącz
49%
ŚląskieTychy
49%
WielkopolskieKonin
48%
ŚwiętokrzyskieSandomierz
48%
ŚląskieChorzów
47%
MałopolskieOświęcim
47%
OpolskieBiała
46%
OpolskieBrzeg
46%
PodlaskieŁomża
46%
Kujawsko-PomorskieGrudziądz
45%
PodkarpackieKrosno
45%
ŚląskieRuda Śląska
45%
ŚląskieRybnik
45%
LubelskieBiała Podlaska
44%
MazowieckiePruszków
44%
MałopolskieWieliczka
44%
DolnośląskieKłodzko
43%
MazowieckieSiedlce
43%
PomorskieWejherowo
43%
ŚląskieDąbrowa Górnicza
42%
DolnośląskieGłogów
42%
PomorskieJastarnia
42%
ZachodniopomorskieStargard
42%
PodlaskieAugustów
41%
ŁódzkieBełchatów
41%
ŚląskieCieszyn
41%
MałopolskieNowy Targ
41%
PodkarpackieTarnobrzeg
41%
PomorskieTczew
41%
DolnośląskieZgorzelec
41%
DolnośląskieJawor
40%
WielkopolskieOstrów Wielkopolski
40%
PomorskiePuck
40%
PodkarpackieStalowa Wola
40%
PomorskieUstka
40%
ŚląskieŻywiec
40%
WielkopolskieLeszno
39%
MazowieckieOstrołęka
39%
ZachodniopomorskiePolice
39%
ŁódzkieSkierniewice
39%
PomorskieChojnice
38%
ŚląskieJastrzębie-Zdrój
38%
PomorskieKrynica Morska
38%
MazowieckieMińsk Mazowiecki
38%
OpolskieNysa
38%
ŁódzkiePabianice
38%
MazowieckiePiaseczno
38%
PomorskieReda
38%
ŁódzkieTomaszów Mazowiecki
38%
ŚląskieWisła
38%
ŁódzkieKutno
37%
PomorskieŁeba
37%
ZachodniopomorskieMiędzyzdroje
37%
ZachodniopomorskieMielno
37%
MazowieckieOtwock
37%
PomorskieRumia
37%
PomorskieStarogard Gdański
37%
MałopolskieWadowice
37%
ŁódzkieZgierz
37%
ŚląskieŻory
37%
DolnośląskieBolesławiec
36%
MazowieckieCiechanów
36%
Warmińsko-MazurskieGiżycko
36%
Warmińsko-MazurskieIława
36%
OpolskieKędzierzyn-Koźle
36%
MazowieckieLegionowo
36%
Kujawsko-PomorskieNowe
36%
ŁódzkieRadomsko
36%
PodkarpackieSanok
36%
DolnośląskieŚwidnica
36%
ŚląskieTarnowskie Góry
36%
LubuskieŻary
36%
Warmińsko-MazurskieFrombork
35%
PodkarpackieJarosław
35%
ŚląskieJaworzno
35%
OpolskieKluczbork
35%
PodkarpackieMielec
35%
ŚląskieMysłowice
35%
MazowieckieNowy Dwór Mazowiecki
35%
ŚwiętokrzyskieOstrowiec Świętokrzyski
35%
PomorskiePruszcz Gdański
35%
LubelskiePuławy
35%
ŚląskieRacibórz
35%
ŁódzkieSieradz
35%
ZachodniopomorskieSzczecinek
35%
MałopolskieBochnia
34%
DolnośląskieBogatynia
34%
PodkarpackieDębica
34%
MazowieckieGrodzisk Mazowiecki
34%
PomorskieLębork
34%
MałopolskieStary Sącz
34%
Kujawsko-PomorskieCiechocinek
33%
LubelskieHrubieszów
33%
PodkarpackieJasło
33%
LubelskieKazimierz Dolny
33%
WielkopolskieKostrzyn
33%
ŁódzkieŁowicz
33%
DolnośląskieOława
33%
ŁódzkieOpoczno
33%
ŚląskieSiemianowice Śląskie
33%
ŚwiętokrzyskieSkarżysko-Kamienna
33%
ŁódzkieWieluń
33%
ŚląskieBędzin
32%
DolnośląskieGóra
32%
DolnośląskieKarpacz
32%
PomorskieKartuzy
32%
PomorskieKwidzyn
32%
MazowieckieMława
32%
Warmińsko-MazurskieMrągowo
32%
Dolnośląskie | ŚwiętokrzyskieOleśnica
32%
MazowieckiePułtusk
32%
LubuskieSłubice
32%
LubuskieŚwiebodzin
32%
PodkarpackieUstrzyki Dolne
32%
MazowieckieWołomin
32%
MazowieckieZąbki
32%
ŁódzkieAleksandrów Łódzki
31%
MałopolskieGorlice
31%
LubelskieKraśnik
31%
LubelskieŁuków
31%
LubuskieNowa Sól
31%
PomorskieNowy Dwór Gdański
31%
Warmińsko-MazurskieOlsztynek
31%
Warmińsko-MazurskieOstróda
31%
ŚląskiePiekary Śląskie
31%
ŚwiętokrzyskieStarachowice
31%
LubelskieŚwidnik
31%
LubelskieTomaszów Lubelski
31%
WielkopolskieTurek
31%
LubuskieŻagań
31%
MazowieckieŻyrardów
31%
MałopolskieAndrychów
30%
PodlaskieBielsk Podlaski
30%
PomorskieBytów
30%
MałopolskieChrzanów
30%
ŚląskieCzechowice-Dziedzice
30%
OpolskieGłubczyce
30%
Warmińsko-MazurskieGołdap
30%
WielkopolskieGostyń
30%
WielkopolskieJarocin
30%
ŚwiętokrzyskieJędrzejów
30%
ŚwiętokrzyskieKońskie
30%
PomorskieKościerzyna
30%
MałopolskieKrynica-Zdrój
30%
PodkarpackieŁańcut
30%
ŁódzkieŁask
30%
LubelskieŁęczna
30%
WielkopolskieLwówek
30%
MazowieckieMarki
30%
MałopolskieOlkusz
30%
ŚwiętokrzyskieOpatów
30%
MazowieckieOstrów Mazowiecka
30%
MazowieckiePłońsk
30%
DolnośląskiePolkowice
30%
ŚląskieŚwiętochłowice
30%
ŚląskieUstroń
30%
MazowieckieWarka
30%
WielkopolskieWronki
30%
ŚląskieZawiercie
30%
LubelskieBiłgoraj
29%
ZachodniopomorskieCedynia
29%
ZachodniopomorskieKamień Pomorski
29%
LubuskieKostrzyn nad Odrą
29%
ŁódzkieŁęczyca
29%
Warmińsko-MazurskieLidzbark
29%
LubelskieLubartów
29%
ŚląskieLubliniec
29%
ŚląskieMikołów
29%
ŚląskiePszczyna
29%
MazowieckieSochaczew
29%
OpolskieStrzelce Opolskie
29%
LubelskieSzczebrzeszyn
29%
DolnośląskieSzklarska Poręba
29%
DolnośląskieTrzebnica
29%
MałopolskieZator
29%
ŁódzkieZduńska Wola
29%
WielkopolskieZłotów
29%
Kujawsko-PomorskieAleksandrów Kujawski
28%
ZachodniopomorskieDziwnów
28%
MazowieckieGarwolin
28%
WielkopolskieGrodzisk Wielkopolski
28%
ZachodniopomorskieGryfino
28%
DolnośląskieKamienna Góra
28%
PodkarpackieLeżajsk
28%
MałopolskieLimanowa
28%
DolnośląskieLubań
28%
MałopolskieMyślenice
28%
Kujawsko-PomorskieNakło nad Notecią
28%
LubelskieOpole Lubelskie
28%
OpolskiePrudnik
28%
MałopolskieRabka-Zdrój
28%
LubelskieRadzyń Podlaski
28%
WielkopolskieRawicz
28%
WielkopolskieŚrem
28%
WielkopolskieŚroda Wielkopolska
28%
WielkopolskieSwarzędz
28%
Kujawsko-PomorskieŚwiecie
28%
LubelskieTerespol
28%
Kujawsko-PomorskieTuchola
28%
ŚwiętokrzyskieWodzisław
28%
ZachodniopomorskieWolin
28%
WielkopolskieWrześnia
28%
Kujawsko-PomorskieŻnin
28%
MałopolskieBrzesko
27%
ŚwiętokrzyskieBusko-Zdrój
27%
DolnośląskieBystrzyca Kłodzka
27%
LubelskieDęblin
27%
ZachodniopomorskieDrawsko Pomorskie
27%
DolnośląskieDzierżoniów
27%
ZachodniopomorskieGryfice
27%
LubelskieJanów Lubelski
27%
Warmińsko-MazurskieKętrzyn
27%
ŚląskieKnurów
27%
PodkarpackieLesko
27%
PodlaskieLipsk
27%
DolnośląskieLwówek Śląski
27%
MałopolskieMiechów
27%
Warmińsko-MazurskieMikołajki
27%
DolnośląskieMilicz
27%
MałopolskieMuszyna
27%
ŚląskieMyszków
27%
OpolskieNamysłów
27%
MałopolskieNiepołomice
27%
WielkopolskieNowy Tomyśl
27%
PodlaskieSejny
27%
Warmińsko-MazurskieSzczytno
27%
ZachodniopomorskieWałcz
27%
LubelskieWłodawa
27%
DolnośląskieBardo
26%
Warmińsko-MazurskieBartoszyce
26%
DolnośląskieBielawa
26%
Kujawsko-PomorskieBrodnica
26%
WielkopolskieBuk
26%
Kujawsko-PomorskieChełmno
26%
ŚląskieCzeladź
26%
Warmińsko-MazurskieDziałdowo
26%
OpolskieGłuchołazy
26%
Kujawsko-PomorskieGolub-Dobrzyń
26%
MazowieckieGostynin
26%
MazowieckieGrójec
26%
PodlaskieHajnówka
26%
MałopolskieKęty
26%
MazowieckieKonstancin-Jeziorna
26%
WielkopolskieKościan
26%
OpolskieKrapkowice
26%
LubuskieKrosno Odrzańskie
26%
DolnośląskieLądek-Zdrój
26%
Warmińsko-MazurskieLidzbark Warmiński
26%
PodkarpackieLubaczów
26%
Warmińsko-MazurskieNidzica
26%
Warmińsko-MazurskieNowe Miasto Lubawskie
26%
OpolskieOtmuchów
26%
ŚwiętokrzyskieOżarów
26%
PodkarpackiePrzeworsk
26%
ŁódzkieRawa Mazowiecka
26%
DolnośląskieŚroda Śląska
26%
WielkopolskieSzamotuły
26%
MazowieckieWyszków
26%
DolnośląskieZłotoryja
26%
LubelskieAnnopol
25%
PomorskieGniew
25%
ZachodniopomorskieGoleniów
25%
OpolskieGorzów Śląski
25%
LubuskieGubin
25%
MałopolskieJordanów
25%
Lubelskie | MazowieckieJózefów
25%
DolnośląskieKąty Wrocławskie
25%
PodkarpackieKolbuszowa
25%
WielkopolskieLuboń
25%
MałopolskieMaków Podhalański
25%
PomorskieMiastko
25%
PodkarpackieNisko
25%
DolnośląskieNowa Ruda
25%
WielkopolskieOborniki
25%
ŁódzkiePiątek
25%
MazowieckiePrzasnysz
25%
PodkarpackieRopczyce
25%
LubelskieRyki
25%
ŁódzkieRzgów
25%
ŚwiętokrzyskieSędziszów
25%
MałopolskieSkawina
25%
ŚwiętokrzyskieStaszów
25%
LubuskieStrzelce Krajeńskie
25%
MałopolskieSucha Beskidzka
25%
ŁódzkieSulejów
25%
MałopolskieTrzebinia
25%
LubuskieWschowa
25%
DolnośląskieZąbkowice Śląskie
25%
PodlaskieZambrów
25%
LubuskieBabimost
24%
ZachodniopomorskieBarlinek
24%
ZachodniopomorskieBiałogard
24%
DolnośląskieBolków
24%
DolnośląskieBrzeg Dolny
24%
PodkarpackieBrzozów
24%
MałopolskieDąbrowa Tarnowska
24%
PodlaskieDrohiczyn
24%
DolnośląskieDuszniki-Zdrój
24%
MazowieckieGóra Kalwaria
24%
DolnośląskieJelcz-Laskowice
24%
ŚląskieKłobuck
24%
ŁódzkieKonstantynów Łódzki
24%
PodlaskieNowogród
24%
ŚwiętokrzyskiePińczów
24%
MałopolskiePiwniczna-Zdrój
24%
OpolskiePrószków
24%
MazowieckieSokołów Podlaski
24%
PodkarpackieStrzyżów
24%
PodlaskieSupraśl
24%
MazowieckieTarczyn
24%
ŚwiętokrzyskieWłoszczowa
24%
ŚląskieWodzisław Śląski
24%
MałopolskieWolbrom
24%
PodkarpackieZagórz
24%
MazowieckieZielonka
24%
ŁódzkieBrzeziny
23%
LubuskieBytom Odrzański
23%
ŚląskieCzerwionka-Leszczyny
23%
PodlaskieDąbrowa Białostocka
23%
LubuskieDrezdenko
23%
PodkarpackieDynów
23%
MazowieckieIłża
23%
LubelskieKock
23%
MazowieckieKozienice
23%
LubelskieKrasnystaw
23%
MałopolskieKrzeszowice
23%
WielkopolskieMiędzychód
23%
MałopolskieMszana Dolna
23%
MazowieckieNowe Miasto nad Pilicą
23%
OpolskieOlesno
23%
ŚląskieOrzesze
23%
MazowieckieOżarów Mazowiecki
23%
ŚwiętokrzyskiePacanów
23%
PomorskiePelplin
23%
ŁódzkiePoddębice
23%
ŚląskiePyskowice
23%
ŚląskieRadlin
23%
Kujawsko-PomorskieRadziejów
23%
ŚląskieRadzionków
23%
MałopolskieSkała
23%
ŚląskieSkoczów
23%
DolnośląskieSobótka
23%
ŁódzkieStryków
23%
MazowieckieSulejówek
23%
LubuskieSzprotawa
23%
ŚwiętokrzyskieWąchock
23%
OpolskieZdzieszowice
23%
MałopolskieAlwernia
22%
ŚląskieBieruń
22%
PodkarpackieBoguchwała
22%
MałopolskieBrzeszcze
22%
PomorskieCzarne
22%
MałopolskieDobczyce
22%
PodkarpackieDukla
22%
LubelskieFrampol
22%
PodkarpackieGłogów Małopolski
22%
ŚląskieImielin
22%
PodkarpackieIwonicz-Zdrój
22%
MałopolskieKalwaria Zebrzydowska
22%
ŚwiętokrzyskieKazimierza Wielka
22%
WielkopolskieKępno
22%
WielkopolskieKłodawa
22%
ŁódzkieKoluszki
22%
WielkopolskieKórnik
22%
WielkopolskieKrotoszyn
22%
ŚląskieŁaziska Górne
22%
ŁódzkieLututów
22%
LubuskieMiędzyrzecz
22%
WielkopolskieMurowana Goślina
22%
PodkarpackieNowa Dęba
22%
PodkarpackieNowa Sarzyna
22%
ZachodniopomorskieNowogard
22%
OpolskiePaczków
22%
ŁódzkiePajęczno
22%
PodkarpackiePilzno
22%
WielkopolskiePniewy
22%
DolnośląskiePrzemków
22%
PodkarpackieRadymno
22%
PodkarpackieSędziszów Małopolski
22%
DolnośląskieStrzegom
22%
DolnośląskieStrzelin
22%
ZachodniopomorskieŚwidwin
22%
MazowieckieTłuszcz
22%
Kujawsko-PomorskieWąbrzeźno
22%
ŁódzkieWarta
22%
DolnośląskieWołów
22%
WielkopolskieWolsztyn
22%
PodlaskieWysokie Mazowieckie
22%
OpolskieZawadzkie
22%
PodkarpackieBaranów Sandomierski
21%
ŁódzkieBiała Rawska
21%
PodkarpackieBrzostek
21%
OpolskieByczyna
21%
ŚwiętokrzyskieChęciny
21%
ZachodniopomorskieChoszczno
21%
PodkarpackieCieszanów
21%
PodlaskieCzarna Białostocka
21%
PomorskieCzarna Woda
21%
Wielkopolskie | ZachodniopomorskieDobra
21%
OpolskieGłogówek
21%
OpolskieGogolin
21%
PodkarpackieJedlicze
21%
PodkarpackieKańczuga
21%
MazowieckieKobyłka
21%
OpolskieKolonowskie
21%
ŚląskieKoniecpol
21%
MałopolskieKoszyce
21%
WielkopolskieKrzyż Wielkopolski
21%
ŚląskieKuźnia Raciborska
21%
OpolskieLewin Brzeski
21%
MazowieckieMaków Mazowiecki
21%
DolnośląskieMiędzylesie
21%
MazowieckieMordy
21%
MazowieckieMrozy
21%
MałopolskieNowe Brzesko
21%
LubuskieNowogród Bobrzański
21%
WielkopolskieOpalenica
21%
LubuskieOśno Lubuskie
21%
LubelskieOstrów Lubelski
21%
LubuskieOtyń
21%
ŁódzkieOzorków
21%
LubelskieParczew
21%
MazowieckiePionki
21%
DolnośląskieRadków
21%
PodkarpackieRadomyśl Wielki
21%
PodkarpackieRudnik nad Sanem
21%
ŚląskieRydułtowy
21%
PodkarpackieRymanów
21%
PodkarpackieSokołów Małopolski
21%
DolnośląskieŚwiebodzice
21%
DolnośląskieŚwieradów-Zdrój
21%
LubuskieSzlichtyngowa
21%
PodkarpackieTyczyn
21%
Kujawsko-PomorskieBarcin
20%
Warmińsko-MazurskieBiała Piska
20%
MałopolskieBiecz
20%
ŚląskieBlachownia
20%
WielkopolskieBorek Wielkopolski
20%
Kujawsko-PomorskieBrześć Kujawski
20%
MałopolskieChełmek
20%
PodlaskieCiechanowiec
20%
WielkopolskieCzarnków
20%
ZachodniopomorskieDarłowo
20%
Kujawsko-PomorskieGniewkowo
20%
LubuskieIłowa
20%
LubuskieJasień
20%
PodlaskieJedwabne
20%
OpolskieKietrz
20%
WielkopolskieKsiąż Wielkopolski
20%
ŚląskieMiasteczko Śląskie
20%
MazowieckieMilanówek
20%
LubuskieNowe Miasteczko
20%
DolnośląskieNowogrodziec
20%
DolnośląskieOborniki Śląskie
20%
Warmińsko-MazurskieOlecko
20%
MazowieckiePiastów
20%
ŚląskiePilica
20%
Kujawsko-PomorskiePiotrków Kujawski
20%
ZachodniopomorskiePłoty
20%
MazowieckieRadzymin
20%
LubelskieRejowiec
20%
Kujawsko-PomorskieSępólno Krajeńskie
20%
MałopolskieSzczawnica
20%
MałopolskieSzczucin
20%
WielkopolskieUjście
20%
LubuskieWitnica
20%
WielkopolskieWysoka
20%
OpolskieBaborów
19%
ZachodniopomorskieBiały Bór
19%
ŚwiętokrzyskieĆmielów
19%
PodlaskieGrajewo
19%
MazowieckieHalinów
19%
ZachodniopomorskieIńsko
19%
Kujawsko-PomorskieIzbica Kujawska
19%
Kujawsko-PomorskieJanikowo
19%
ZachodniopomorskieKalisz Pomorski
19%
OpolskieKorfantów
19%
DolnośląskieKowary
19%
ŚląskieKoziegłowy
19%
WielkopolskieKoźminek
19%
MazowieckieLipsko
19%
ŚwiętokrzyskieMałogoszcz
19%
Warmińsko-MazurskieMiłomłyn
19%
WielkopolskieMiłosław
19%
PodkarpackieNarol
19%
WielkopolskieNowe Skalmierzyce
19%
PomorskieNowy Staw
19%
PodkarpackieOleszyce
19%
MazowieckiePodkowa Leśna
19%
PodkarpackiePrzecław
19%
LubelskieRejowiec Fabryczny
19%
Kujawsko-PomorskieRypin
19%
PodkarpackieSieniawa
19%
ŚląskieSzczyrk
19%
ZachodniopomorskieTrzebiatów
19%
DolnośląskieTwardogóra
19%
ŁódzkieUniejów
19%
MazowieckieWęgrów
19%
MałopolskieZakliczyn
19%
PodkarpackieZaklików
19%
DolnośląskieŻarów
19%
WielkopolskieZbąszyń
19%
DolnośląskieZłoty Stok
19%
MazowieckieBłonie
18%
LubuskieCzerwieńsk
18%
MazowieckieCzerwińsk nad Wisłą
18%
ŚwiętokrzyskieDaleszyce
18%
Kujawsko-PomorskieDobrzyń nad Wisłą
18%
PodkarpackieDubiecko
18%
ŚwiętokrzyskieDziałoszyce
18%
Warmińsko-MazurskieJeziorany
18%
WielkopolskieKoźmin Wielkopolski
18%
ŁódzkieKrośniewice
18%
WielkopolskieMiejska Górka
18%
ZachodniopomorskieMirosławiec
18%
Warmińsko-MazurskieMłynary
18%
WielkopolskiePuszczykowo
18%
Kujawsko-PomorskieRadzyń Chełmiński
18%
WielkopolskieRogoźno
18%
ŚwiętokrzyskieSkalbmierz
18%
WielkopolskieŚmigiel
18%
PodlaskieSokółka
18%
PodlaskieSuchowola
18%
PodlaskieSzczuczyn
18%
ŚląskieToszek
18%
PodkarpackieUlanów
18%
ŚląskieWilamowice
18%
LubuskieZbąszynek
18%
ZachodniopomorskieChojna
17%
ZachodniopomorskieCzaplinek
17%
MałopolskieCzchów
17%
WielkopolskieDąbie
17%
ZachodniopomorskieDobrzany
17%
MazowieckieGlinojeck
17%
DolnośląskieGryfów Śląski
17%
DolnośląskieJaworzyna Śląska
17%
PodlaskieKleszczele
17%
PodkarpackieKołaczyce
17%
DolnośląskieKudowa-Zdrój
17%
MałopolskieLibiąż
17%
ZachodniopomorskieMyślibórz
17%
OpolskieNiemodlin
17%
WielkopolskieOpatówek
17%
Warmińsko-MazurskiePieniężno
17%
PomorskiePrabuty
17%
PodlaskieRajgród
17%
Warmińsko-MazurskieRuciane-Nida
17%
Warmińsko-MazurskieSępopol
17%
MazowieckieSierpc
17%
PomorskieSkórcz
17%
ŚląskieSławków
17%
Kujawsko-PomorskieSolec Kujawski
17%
LubelskieUrzędów
17%
MałopolskieWojnicz
17%
ŚląskieŻarki
17%
DolnośląskieŻmigród
17%
ZachodniopomorskieBorne Sulinowo
16%
Warmińsko-MazurskieBraniewo
16%
LubuskieDobiegniew
16%
OpolskieDobrodzień
16%
WielkopolskieDolsk
16%
Kujawsko-PomorskieJabłonowo Pomorskie
16%
LubelskieJózefów nad Wisłą
16%
Kujawsko-PomorskieKamień Krajeński
16%
OpolskieLeśnica
16%
WielkopolskieMikstat
16%
WielkopolskieNekla
16%
Kujawsko-PomorskieNieszawa
16%
WielkopolskieOstroróg
16%
MałopolskieProszowice
16%
ZachodniopomorskieSławno
16%
WielkopolskieTrzemeszno
16%
WielkopolskieWieleń
16%
ŁódzkieŻychlin
16%
DolnośląskieBierutów
15%
Warmińsko-MazurskieMorąg
15%
ZachodniopomorskieNowe Warpno
15%
Warmińsko-MazurskieOrneta
15%
Warmińsko-MazurskiePisz
15%
LubelskiePoniatowa
15%
PodlaskieSiemiatycze
15%
DolnośląskieSzczawno-Zdrój
15%
WielkopolskieWitkowo
15%
MałopolskieŻabno
15%
WielkopolskieZduny
15%
Warmińsko-MazurskieDobre Miasto
14%
ŁódzkieGłowno
14%
Kujawsko-PomorskieKowal
14%
LubelskieKrasnobród
14%
DolnośląskieLeśna
14%
ŚwiętokrzyskieOsiek
14%
LubelskiePiaski
14%
LubuskieRzepin
14%
Warmińsko-MazurskieSusz
14%
ŚwiętokrzyskieSzydłów
14%
OpolskieUjazd
14%
WielkopolskieWągrowiec
14%
MazowieckieBiałobrzegi
13%
PodkarpackieBłażowa
13%
ŚwiętokrzyskieBodzentyn
13%
PodlaskieBrańsk
13%
ŚwiętokrzyskieChmielnik
13%
WielkopolskieChodzież
13%
PodlaskieKolno
13%
Kujawsko-PomorskieLipno
13%
DolnośląskieMiędzybórz
13%
WielkopolskiePyzdry
13%
ZachodniopomorskieSianów
13%
PomorskieSztum
13%
Warmińsko-MazurskieWęgorzewo
13%
MazowieckieBieżuń
12%
ZachodniopomorskieCzłopa
12%
Warmińsko-MazurskieGórowo Iławeckie
12%
ŚląskieŁazy
12%
MazowieckieŁomianki
12%
LubelskieMiędzyrzec Podlaski
12%
MałopolskieNowy Wiśnicz
12%
PodkarpackiePruchnik
12%
MazowieckieSzydłowiec
12%
OpolskieTułowice
12%
Kujawsko-PomorskieWięcbork
12%
MazowieckieŻuromin
12%
Warmińsko-MazurskieBisztynek
11%
LubelskieBychawa
11%
LubelskieGoraj
11%
OpolskieGrodków
11%
LubelskieKamionka
11%
Kujawsko-PomorskieKowalewo Pomorskie
11%
LubelskieNałęczów
11%
WielkopolskieOstrzeszów
11%
WielkopolskiePleszew
11%
MazowieckieSolec nad Wisła
11%
DolnośląskieSzczytna
11%
LubelskieTarnogród
11%
Warmińsko-MazurskieBarczewo
10%
DolnośląskieBoguszów-Gorce
10%
DolnośląskieKamieniec Ząbkowicki
10%
Warmińsko-MazurskieLubawa
10%
DolnośląskiePolanica-Zdrój
10%
Warmińsko-MazurskieRyn
10%
Kujawsko-PomorskieSkępe
10%
ŚląskieSośnicowice
10%
MazowieckieWiskitki
10%
LubelskieZwierzyniec
10%
LubelskieBełżyce
9%
WielkopolskieBojanowo
9%
PodlaskieŁapy
9%
ŚwiętokrzyskieNowa Słupia
9%
LubuskieSulęcin
9%
PomorskieŻukowo
9%
MałopolskieBukowno
8%
PodlaskieChoroszcz
8%
PomorskieCzłuchów
8%
MałopolskieGrybów
8%
Kujawsko-PomorskieKruszwica
8%
LubelskieLubycza Królewska
8%
DolnośląskieStronie Śląskie
8%
ŚwiętokrzyskieSuchedniów
8%
ŁódzkieWieruszów
8%
ŚwiętokrzyskieZawichost
8%
WielkopolskieBudzyń
7%
ZachodniopomorskieDębno
7%
WielkopolskieGrabów nad Prosną
7%
ŚląskieKalety
7%
MazowieckieMszczonów
7%
ŚwiętokrzyskieOpatowiec
7%
OpolskieOzimek
7%
MazowieckiePilawa
7%
OpolskiePraszka
7%
MałopolskieRyglice
7%
LubelskieStoczek Łukowski
7%
Kujawsko-PomorskieStrzelno
7%
ŚląskieSzczekociny
7%
ŁódzkieTuszyn
7%
MazowieckieZwoleń
7%
MałopolskieBobowa
6%
Kujawsko-PomorskieChełmża
6%
DolnośląskieChojnów
6%
ŚląskieLędziny
6%
ZachodniopomorskieŁobez
6%
MazowieckieŁosice
6%
Kujawsko-PomorskieMogilno
6%
ŚwiętokrzyskieNowy Korczyn
6%
ZachodniopomorskiePyrzyce
6%
Warmińsko-MazurskieReszel
6%
MałopolskieSłomniki
6%
WielkopolskieŻerków
6%
Warmińsko-MazurskieBiskupiec
5%
PomorskieCzersk
5%
DolnośląskieJedlina-Zdrój
5%
ŚwiętokrzyskieKoprzywnica
5%
Kujawsko-PomorskieKoronowo
5%
LubuskieKożuchów
5%
PodlaskieMońki
5%
WielkopolskieOkonek
5%
Warmińsko-MazurskiePasłęk
5%
WielkopolskiePobiedziska
5%
ŚląskieSiewierz
5%
MazowieckieSkaryszew
5%
LubuskieSulechów
5%
MałopolskieSułkowice
5%
PodlaskieTykocin
5%
MazowieckieBrok
4%
MazowieckieKarczew
4%
WielkopolskieKobylin
4%
WielkopolskieKrajenka
4%
MazowieckieŁochów
4%
LubuskieLubsko
4%
LubelskieModliborzyce
4%
DolnośląskieOlszyna
4%
MazowieckieSerock
4%
PomorskieSkarszewy
4%
WielkopolskieSkoki
4%
LubuskieSława
4%
WielkopolskieSłupca
4%
Warmińsko-MazurskieTolkmicko
4%
DolnośląskieZiębice
4%
ŁódzkieBłaszki
3%
ZachodniopomorskieBobolice
3%
PomorskieBrusy
3%
MazowieckieBrwinów
3%
MałopolskieCiężkowice
3%
LubuskieCybinka
3%
PomorskieDebrzno
3%
PomorskieDzierzgoń
3%
PodlaskieGoniądz
3%
Kujawsko-PomorskieGórzno
3%
WielkopolskieJastrowie
3%
MazowieckieKałuszyn
3%
PomorskieKępice
3%
PodlaskieKrynki
3%
ŚwiętokrzyskieŁagów
3%
DolnośląskieLubawka
3%
LubuskieLubniewice
3%
WielkopolskieMosina
3%
MazowieckieNasielsk
3%
WielkopolskieOdolanów
3%
ŚląskieOgrodzieniec
3%
Warmińsko-MazurskieOrzysz
3%
Kujawsko-PomorskiePakość
3%
DolnośląskiePiechowice
3%
ŚwiętokrzyskiePołaniec
3%
ZachodniopomorskiePołczyn-Zdrój
3%
MazowieckiePrzysucha
3%
WielkopolskieSieraków
3%
LubuskieSkwierzyna
3%
WielkopolskieStawiszyn
3%
MałopolskieŚwiątniki Górne
3%
WielkopolskieTrzcianka
3%
MałopolskieTuchów
3%
PodlaskieWasilków
3%
OpolskieWołczyn
3%
MazowieckieZakroczym
3%
ŁódzkieZelów
3%
ZachodniopomorskieZłocieniec
3%
ŁódzkieZłoczew
3%
DolnośląskieChocianów
2%
ZachodniopomorskieChociwel
2%
MazowieckieChorzele
2%
WielkopolskieCzempiń
2%
ZachodniopomorskieDrawno
2%
MazowieckieDrobin
2%
ŁódzkieDziałoszyn
2%
MazowieckieGąbin
2%
DolnośląskieGłuszyca
2%
ZachodniopomorskieGolczewo
2%
ZachodniopomorskieGościno
2%
LubuskieGozdnica
2%
Kujawsko-PomorskieJanowiec Wielkopolski
2%
WielkopolskieJutrosin
2%
ŁódzkieKamieńsk
2%
LubuskieKargowa
2%
ZachodniopomorskieKarlino
2%
Kujawsko-PomorskieKcynia
2%
Warmińsko-MazurskieKisielice
2%
WielkopolskieKłecko
2%
ŚwiętokrzyskieKllimontów
2%
PodlaskieKnyszyn
2%
Warmińsko-MazurskieKorsze
2%
WielkopolskieKrobia
2%
ŚwiętokrzyskieKunów
2%
LubelskieŁaszczów
2%
LubuskieŁęknica
2%
WielkopolskieŁobżenica
2%
Kujawsko-PomorskieLubień Kujawski
2%
DolnośląskieLubomierz
2%
MazowieckieLubowidz
2%
LubuskieMałomice
2%
ZachodniopomorskieMaszewo
2%
PodlaskieMichałowo
2%
DolnośląskieMieroszów
2%
DolnośląskieMirsk
2%
MazowieckieMogielnica
2%
ŚwiętokrzyskieMorawica
2%
Kujawsko-PomorskieMrocza
2%
MazowieckieMyszyniec
2%
DolnośląskieNiemcza
2%
WielkopolskieObrzycko
2%
Warmińsko-MazurskiePasym
2%
DolnośląskiePieńsk
2%
DolnośląskiePieszyce
2%
ZachodniopomorskiePolanów
2%
ŚląskiePoręba
2%
DolnośląskieProchowice
2%
ŁódzkiePrzedbórz
2%
ŚląskiePszów
2%
MazowieckieRaciąż
2%
MałopolskieRadłów
2%
ŚwiętokrzyskieRadoszyce
2%
WielkopolskieRaszków
2%
ZachodniopomorskieRecz
2%
ZachodniopomorskieResko
2%
MazowieckieRóżan
2%
WielkopolskieRydzyna
2%
DolnośląskieŚcinawa
2%
DolnośląskieSiechnice
2%
LubelskieSiedliszcze
2%
WielkopolskieŚlesin
2%
WielkopolskieSompolno
2%
ŚwiętokrzyskieStąporków
2%
ZachodniopomorskieStepnica
2%
WielkopolskieStęszew
2%
ŚląskieStrumień
2%
DolnośląskieŚwierzawa
2%
DolnośląskieSyców
2%
ŁódzkieSzadek
2%
Kujawsko-PomorskieSzubin
2%
LubuskieTorzym
2%
ZachodniopomorskieTrzcińsko-Zdrój
2%
ZachodniopomorskieTuczno
2%
ZachodniopomorskieTychowo
2%
LubelskieTyszowce
2%
ZachodniopomorskieWęgorzyno
2%
DolnośląskieWiązów
2%
Warmińsko-MazurskieWielbark
2%
ŚwiętokrzyskieWiślica
2%
DolnośląskieWleń
2%
DolnośląskieWojcieszów
2%
ŁódzkieWolbórz
2%
WielkopolskieWyrzysk
2%
MazowieckieWyśmierzyce
2%
MazowieckieWyszogród
2%
PodlaskieZabłudów
2%
Warmińsko-MazurskieZalewo
2%
DolnośląskieZawidów
2%
MazowieckieŻelechów
2%
ZachodniopomorskieBarwice
1%
WielkopolskieChocz
1%
Kujawsko-PomorskieChodecz
1%
WielkopolskieCzerniejewo
1%
PodlaskieCzyżew
1%
WielkopolskieDobrzyca
1%
ŁódzkieDrzewica
1%
WielkopolskieGołańcz
1%
WielkopolskieGolina
1%
WielkopolskieJaraczewo
1%
WielkopolskieKleczew
1%
MazowieckieKosów Lacki
1%
ŚląskieKrzanowice
1%
ŚląskieKrzepice
1%
WielkopolskieKrzywiń
1%
Kujawsko-PomorskieŁabiszyn
1%
Kujawsko-PomorskieŁasin
1%
MazowieckieŁaskarzew
1%
ZachodniopomorskieLipiany
1%
Kujawsko-PomorskieLubraniec
1%
WielkopolskieMargonin
1%
ZachodniopomorskieMieszkowice
1%
Warmińsko-MazurskieMiłakowo
1%
ZachodniopomorskieMoryń
1%
WielkopolskieOsieczna
1%
ZachodniopomorskiePełczyce
1%
DolnośląskiePiława Górna
1%
WielkopolskiePogorzela
1%
WielkopolskiePoniec
1%
DolnośląskiePrusice
1%
WielkopolskiePrzedecz
1%
WielkopolskieRakoniewice
1%
WielkopolskieRychwał
1%
MazowieckieSanniki
1%
MazowieckieSochocin
1%
PodlaskieStawiski
1%
ZachodniopomorskieSuchań
1%
WielkopolskieSulmierzyce
1%
PodlaskieSuraż
1%
WielkopolskieSzamocin
1%
PodlaskieSzepietowo
1%
LubuskieTrzciel
1%
WielkopolskieTuliszków
1%
DolnośląskieWąsosz
1%
DolnośląskieWęgliniec
1%
WielkopolskieWielichowo
1%
ŚląskieWojkowice
1%
ŚląskieWoźniki
1%
WielkopolskieZagórów
1%
ŚwiętokrzyskiePierzchnica
0%
ŚwiętokrzyskieStopnica
0%

Score Distribution

Percentile by Number Answered

Percent of People with Each Score

Your Score History

You have not taken this quiz